000 00634nas a2200217 i 4500
001 173421
003 ES-MaACL
005 20250217134852.0
008 091201d19761978xxu | | ||pa d
022 _a0145-2363
080 _a821-134.2.09"19"
245 0 0 _aAnales de la novela de posguerra.
260 _aKansas :
_bSociety of Spanish and Spanish-American Studies,
_c1976-78.
300 _a107 p. ;
_c24 cm.
310 _aAnual
362 0 _aVol. 1 (1976)-v. 3 (1978)
650 4 _aLiteratura española-
_yS.XX-
_xHistoria y crítica.
_9141686
852 _aES-MaACL
_jA-6456
866 0 _o1976.
999 _c173421
_d173421